10 stanów USA z najdłuższymi dojazdami do pracy - Statystyki

Ogólne statystyki
  • Ten quiz został rozwiązany 8 razy
  • Średni wynik to 5 z 10
Statystyki odpowiedzi
Minuty State % Poprawnych
58,4 Kalifornia
100%
65,6 Nowy Jork
100%
57,0 Floryda
86%
57,4 Georgia
71%
62,8 New Jersey
43%
56,2 Illinois
29%
62,8 Maryland
29%
55,0 Wirginia
29%
59,8 Massachusetts
14%
55,4 Wirginia Zachodnia
14%
Nie znaleziono quizów pasujących do podanych kryteriów
Rozkład punktacji
Procent ludzi z każdym wynikiem
Percentyl według liczby udzielonych odpowiedzi
Twoja historia wyników
Nie rozwiązałeś tego quizu